The economic development of India, (Record no. 552029)
[ view plain ]
| 000 -LEADER | |
|---|---|
| fixed length control field | 00497cam a2200145I 4500 |
| 082 ## - DEWEY DECIMAL CLASSIFICATION NUMBER | |
| Classification number | 330.0954 |
| Author Mark | ANS |
| 100 1# - MAIN ENTRY--PERSONAL NAME | |
| Personal name | Anstey, Vera, |
| 9 (RLIN) | 49217 |
| 245 14 - TITLE STATEMENT | |
| Title | The economic development of India, |
| Statement of responsibility, etc. | by Vera Anstey. |
| 260 ## - PUBLICATION, DISTRIBUTION, ETC. | |
| Place of publication, distribution, etc. | London, |
| -- | New York [etc.] |
| Name of publisher, distributor, etc. | Longmans, Green and co., |
| Date of publication, distribution, etc. | 1929. |
| 300 ## - PHYSICAL DESCRIPTION | |
| Extent | x, [2], 581 p. incl. tables, diagrs. |
| Other physical details | fold. front., maps (1 fold.) |
| Dimensions | 23 cm. |
| 526 ## - STUDY PROGRAM INFORMATION NOTE | |
| Program name | 0 |
| Interest level | 0 |
| Reading level | 0 |
| Title point value | 330_095400000000000_ANS |
| 650 #0 - SUBJECT ADDED ENTRY--TOPICAL TERM | |
| Topical term or geographic name entry element | Industries |
| Geographic subdivision | India. |
| 9 (RLIN) | 49218 |
| 650 #0 - SUBJECT ADDED ENTRY--TOPICAL TERM | |
| Topical term or geographic name entry element | MCE |
| 9 (RLIN) | 379 |
| 942 ## - ADDED ENTRY ELEMENTS (KOHA) | |
| Source of classification or shelving scheme | |
| Koha item type | Book |
| Withdrawn status | Lost status | Source of classification or shelving scheme | Damaged status | Not for loan | Permanent Location | Current Location | Shelving location | Date acquired | Total Checkouts | Full call number | Barcode | Date last seen | Price effective from | Koha item type |
|---|---|---|---|---|---|---|---|---|---|---|---|---|---|---|
| Military College of Engineering (MCE) | Military College of Engineering (MCE) | 01/06/2015 | 330.0954 ANS | MCE-ECE . 17 | 01/06/2015 | 01/06/2015 | Book |
